Sports Quiz

Random Sports or Hockey Quiz

Hockey Player Nick Names Quiz Stats

 Plays Quiz not verified by Sporcle

Challenge
Share
Tweet
Embed
Score 0/20 Timer 04:00
0 Plays Today
Nick Name Player Name % Correct
Mr HockeyGordie Howe
85.1%
The Golden BrettBrett Hull
85.1%
The DominatorDominik Hasek
83.3%
The Finnish FlashTeemu Selanne
81.4%
CujoCurtis Joseph
81.4%
The Next OneSidney Crosby
79.6%
The Russian RocketPavel Bure
79.2%
The Bulin WallNikolai Khabibulin
68.8%
GenoEvgeni Malkin
64.3%
The EagleEd Belfour
63.3%
Nick Name Player Name % Correct
FlowerMarc-Andre Fleury
62.4%
The CatFelix Potvin
58.4%
The MuleJohan Franzen
54.3%
JiggyJean-Sebastian Giguere
49.8%
Alexander the Great (Pre-Ovechkin)Alexander Mogilny
44.3%
The HammerDave Schultz
30.8%
The MooseJohan Hedberg
29.9%
ChicoGlenn Resch
29.9%
LuckyLuc Robitaille
26.7%
Chicken ParmRay Ferraro
15.4%

You're not logged in!

Compare scores with friends on all Sporcle quizzes.
OR
Log In

You Might Also Like...

Show Comments

Extras

Created May 6, 2010ReportNominate
Tags:Hockey Quiz, nick, nickname, player

Top Quizzes Today


Score Distribution

Your Account Isn't Verified!

In order to create a playlist on Sporcle, you need to verify the email address you used during registration. Go to your Sporcle Settings to finish the process.

Report this User

Report this user for behavior that violates our Community Guidelines.

Details: